| 000 | 00773nam a2200229 a 4500 | ||
|---|---|---|---|
| 005 | 20210223133018.0 | ||
| 008 | 160818s2015 es r 000 0 spa d | ||
| 020 | _a9788471127808 | ||
| 035 | _aUPN01000212448 | ||
| 049 | _aCG | ||
| 050 | 4 |
_aB821 _bA4.7 |
|
| 100 | 1 |
_aAlvarez-Uría, Fernando, _d1947- _930785 |
|
| 245 | 1 | 3 |
_aEl reconocimiento de la humanidad : _bEspaña, Portugal y América Latina en la génesis de la modernidad / _cFernando Alvarez-Uría. |
| 260 |
_aMadrid : _bMorata, _c2015. |
||
| 300 | _a367 p. | ||
| 440 | 0 | _aSociología histórica | |
| 650 | 4 |
_aHUMANISMO - _zESPAÑA - _xHISTORIA _925198 |
|
| 650 | 4 |
_aHUMANISMO - _zAMERICA LATINA - _xHISTORIA _925197 |
|
| 650 | 4 |
_aHUMANISMO - _zPORTUGAL - _xHISTORIA _925196 |
|
| 905 | _aLibro | ||
| 999 |
_c184548 _d184548 |
||